OS MIKROS. Služobné programy : príručka užívateľa
Uložené v:
| Hlavný autor: | |
|---|---|
| Médium: | Kniha |
| Jazyk: | Slovak |
| Vydavateľské údaje: |
Ostrava :
Kancelářské stroje,
1982
|
| Tagy: |
Žiadne tagy, Buďte prvý, kto otaguje tento záznam!
|
MARC
| LEADER | 00000nam a22000003a 4500 | ||
|---|---|---|---|
| 001 | stu140502 | ||
| 005 | 20150617225922.6 | ||
| 008 | 070426s1982------------------------slo-d | ||
| 040 | |a STU |b slo | ||
| 041 | 0 | |a slo | |
| 080 | |a 681.3.006 |7 stu_us_auth*stu3453 | ||
| 100 | 1 | |a Rajčan, Peter |4 aut | |
| 245 | 1 | |a OS MIKROS. Služobné programy : |b príručka užívateľa | |
| 260 | |a Ostrava : |b Kancelářské stroje, |c 1982 | ||
| 300 | |a 110 s | ||
| 996 | |b E50803 |c E*50803 |l EE11 |s P |a 0 |w stu140502_0001 | ||